000 00617nam a2200277Ia 4500
005 20260401122310.0
008 008 250103s9999 xx 000 0 eng d
020 _a9780521685016
037 _aTB
040 _aEDL
040 _beng
040 _cEDL
041 _2eng
041 _aeng
084 _a791.436 JAC
084 _qEDL
245 0 _aCambridge Companion to Shakespeare on film
260 _aCambridge
260 _bCambridge University Press
260 _c2007
300 _a349p
942 _cTB
942 _h791.436 JAC
999 _c1846336
_d1846336